El verdadero rostro de María Rafols / (Record no. 99146)

MARC details
000 -LEADER
campo de control de longitud fija 00583nam a2200181 i 4500
001 - NÚMERO DE CONTROL
campo de control 99146
003 - IDENTIFICADOR DE NÚMERO DE CONTROL
campo de control ES-MaACL
005 - FECHA Y HORA DE LA ÚLTIMA TRANSACCIÓN
campo de control 20250418063152.0
007 - CAMPO FIJO DE DESCRIPCIÓN FÍSICA--INFORMACIÓN GENERAL
campo de control de longitud fija t|
008 - DATOS DE LONGITUD FIJA--INFORMACIÓN GENERAL
campo de control de longitud fija 050902s1981 sp ||||1| spa d
100 1# - ENTRADA PRINCIPAL--NOMBRE DE PERSONA
Nombre de persona Martín Descalzo, José Luis,
Fechas asociadas al nombre 1930-1991
9 (RLIN) 77470
245 13 - MENCIÓN DEL TÍTULO
Título El verdadero rostro de María Rafols /
Mención de responsabilidad, etc. por José Luis Martín Descalzo.
260 ## - PUBLICACIÓN, DISTRIBUCIÓN, ETC.
Lugar de publicación, distribución, etc. Madrid :
Nombre del editor, distribuidor, etc. [s.n.],
Fecha de publicación, distribución, etc. 1981 (
Fabricante Imp. Fareso)
300 ## - DESCRIPCIÓN FÍSICA
Extensión VIII, 222 p., 8 lám. ;
Dimensiones 19 cm.
600 14 - PUNTO DE ACCESO ADICIONAL DE MATERIA--NOMBRE DE PERSONA
Nombre de persona María Rafols
Títulos y otros términos asociados al nombre Beata.
9 (RLIN) 151146
852 ## - LOCALIZACIÓN
Ubicación ES-MaACL
Número de control de estantería L-1699
Sublocalización o colección R.102326
Holdings
Estatus retirado Estado de pérdida Estado de daño No para préstamo Biblioteca de origen Biblioteca actual Ubicación en estantería Fecha de adquisición Fuente de adquisición Total de préstamos Signatura topográfica completa Código de barras Visto por última vez Precio de reemplazo Tipo de ítem Koha
        Biblioteca del Ateneo de Madrid Biblioteca del Ateneo de Madrid Depósito 2 17/01/2008     L-1699 1103510 23/02/2023 23/02/2023 Libro impreso